Analysing the role of micro-financial services in climate adaption among subsistence farmers in Zambia (a case study of copperbelt province) (Record no. 84123)
[ view plain ]
| 000 -LEADER | |
|---|---|
| fixed length control field | 00952 a2200265 4500 |
| 003 - CONTROL NUMBER IDENTIFIER | |
| control field | CBULib |
| 005 - DATE AND TIME OF LATEST TRANSACTION | |
| control field | 20240122091530.0 |
| 008 - FIXED-LENGTH DATA ELEMENTS--GENERAL INFORMATION | |
| fixed length control field | 240122b |||||||| |||| 00| 0 eng d |
| 040 ## - CATALOGING SOURCE | |
| Language of cataloging | English |
| Transcribing agency | CBULib |
| Description conventions | rda |
| 041 ## - LANGUAGE CODE | |
| Language code of text/sound track or separate title | eng |
| 050 ## - LIBRARY OF CONGRESS CALL NUMBER | |
| Classification number | CBU-PG THESIS/MAL |
| 100 ## - MAIN ENTRY--PERSONAL NAME | |
| Personal name | Malozi, Ngula |
| 9 (RLIN) | 1889 |
| 245 ## - TITLE STATEMENT | |
| Title | Analysing the role of micro-financial services in climate adaption among subsistence farmers in Zambia (a case study of copperbelt province) |
| Statement of responsibility, etc | / by Ngula Malozi |
| 260 ## - PUBLICATION, DISTRIBUTION, ETC. (IMPRINT) | |
| Name of publisher, distributor, etc | Copperbelt University, |
| Date of publication, distribution, etc | 2023 |
| Place of publication, distribution, etc | Kitwe : |
| 300 ## - PHYSICAL DESCRIPTION | |
| Extent | xii, 101 pages :colour illustrations |
| 336 ## - CONTENT TYPE | |
| Source | rdacontent |
| Content type term | Text | |
| Content type code | txt |
| 337 ## - MEDIA TYPE | |
| Source | rdamedia |
| Media type term | Unmediated | |
| Media type code | n |
| 338 ## - CARRIER TYPE | |
| Source | rdacarrier |
| Carrier type term | Volume |
| Carrier type code | nc |
| 500 ## - GENERAL NOTE | |
| General note | Includes bibliographical references and appendices |
| 650 #0 - SUBJECT ADDED ENTRY--TOPICAL TERM | |
| 9 (RLIN) | 1890 |
| Topical term or geographic name as entry element | MICRO-FINANCIAL SERVICES |
| 650 #0 - SUBJECT ADDED ENTRY--TOPICAL TERM | |
| 9 (RLIN) | 1891 |
| Topical term or geographic name as entry element | SUBSISTENCE FARMERS |
| 650 #0 - SUBJECT ADDED ENTRY--TOPICAL TERM | |
| 9 (RLIN) | 270 |
| Topical term or geographic name as entry element | CLIMATE CHANGE |
| 650 #0 - SUBJECT ADDED ENTRY--TOPICAL TERM | |
| 9 (RLIN) | 1009 |
| Topical term or geographic name as entry element | CLIMATE CHANGE MITIGATION |
| 942 ## - ADDED ENTRY ELEMENTS (KOHA) | |
| Source of classification or shelving scheme | |
| Koha item type | UNIVERSITY COLLECTION |
| Withdrawn status | Lost status | Source of classification or shelving scheme | Damaged status | Not for loan | Collection code | Permanent Location | Current Location | Shelving location | Date acquired | Source of acquisition | Total Checkouts | Full call number | Barcode | Date last seen | Copy number | Price effective from | Koha item type |
|---|---|---|---|---|---|---|---|---|---|---|---|---|---|---|---|---|---|
| Special Collections | CBU-MAIN LIBRARY, KITWE. | CBU-MAIN LIBRARY, KITWE. | Special Collections | 01/22/2024 | DEP-CBU | CBU-PG THESIS/MAL | B84123 | 01/22/2024 | 1 | 01/22/2024 | UNIVERSITY COLLECTION |